Klicke die Landkreise von Bayern auf einer Karte - Statistiken

Allgemein
  • Dieses Quiz wurde 835 mal gespielt
  • Das Durchschnittsergebnis liegt bei 53 aus 96
Antworten auf der Karte
Die Antworten werden auf der Karte rot bzw. grün angezeigt, abhängig davon wie oft sie richtig erraten wurden.
 
Antwortstatistiken
Antwort % Korrekt
Landkreis Passau
70%
Stadt Aschaffenburg
70%
Stadt Passau
70%
Landkreis Rosenheim
69%
Stadt München
69%
Berchtesgadener Land
68%
Stadt Rosenheim
68%
Landkreis Bayreuth
67%
Stadt Augsburg
66%
Stadt Regensburg
66%
Landkreis Hof
65%
Landkreis Würzburg
65%
Lindau
65%
Stadt Bamberg
65%
Stadt Bayreuth
65%
Stadt Ansbach
64%
Landkreis Aschaffenburg
63%
Stadt Hof (Saale)
63%
Ingolstadt
62%
Landkreis München
62%
Stadt Landshut
62%
Kempten (Allgäu)
61%
Neu-Ulm
61%
Ostallgäu
61%
Stadt Fürth
61%
Stadt Schweinfurt
61%
Landkreis Coburg
60%
Landkreis Landshut
60%
Landkreis Schweinfurt
60%
Stadt Coburg
60%
Stadt Würzburg
60%
Landkreis Regensburg
59%
Nürnberg
59%
Traunstein
59%
Oberallgäu
58%
Erding
57%
Garmisch-Partenkirchen
57%
Landkreis Augsburg
57%
Landkreis Bamberg
57%
Regen
57%
Rottal-Inn
56%
Straubing-Bogen
56%
Deggendorf
55%
Erlangen-Höchstadt
55%
Nürnberger Land
55%
Straubing
55%
Bad Tölz-Wolfratshausen
54%
Erlangen
54%
Freising
54%
Freyung-Grafenau
54%
Landkreis Ansbach
54%
Rhön-Grabfeld
54%
Unterallgäu
54%
Cham
53%
Kaufbeuren
53%
Main-Spessart
53%
Dingolfing-Landau
52%
Kronach
52%
Schwabach
52%
Weiden in der Oberpfalz
52%
Wunsiedel im Fichtelgebirge
52%
Altötting
51%
Amberg
51%
Amberg-Sulzbach
51%
Bad Kissingen
51%
Landkreis Fürth
51%
Memmingen
51%
Miesbach
51%
Starnberg
51%
Tirschenreuth
51%
Eichstätt
50%
Fürstenfeldbruck
50%
Miltenberg
50%
Roth
50%
Schwandorf
50%
Aichach-Friedberg
49%
Forchheim
49%
Günzburg
49%
Kulmbach
49%
Mühldorf am Inn
49%
Pfaffenhofen an der Ilm
48%
Kitzingen
47%
Lichtenfels
47%
Weilheim-Schongau
47%
Dachau
46%
Donau-Ries
46%
Ebersberg
46%
Landsberg am Lech
46%
Neustadt an der Aisch-Bad Windsheim
46%
Neustadt an der Waldnaab
46%
Kelheim
44%
Neuburg-Schrobenhausen
44%
Dillingen an der Donau
43%
Weißenburg-Gunzenhausen
43%
Haßberge
41%
Neumarkt in der Oberpfalz
38%
Keine übereinstimmenden Quizze gefunden
Verteilung der Resultate
Anzahl Personen mit jedem Resultat
Perzentil nach korrekt beantworteten Fragen
Ihre Resultats-Entwicklung
Sie haben dieses Quiz noch nicht gespielt